| 000 | 00596nam a22002177a 4500 | ||
|---|---|---|---|
| 003 | OSt | ||
| 005 | 20260630084117.0 | ||
| 008 | 260630b ar ||||| |||| 00| | spa d | ||
| 040 | _aHCSPBA | ||
| 041 | _aspa | ||
| 100 | _aCastelar, Emilio | ||
| 245 |
_aObras escogidas de D. Emilio Castelar. _nTomo 7. _pRicardo. Segunda parte de historia de un corazón. Novela |
||
| 250 | _a5a. ed. | ||
| 260 |
_aMadrid. _bAngel de San Martín. _c[19--]. |
||
| 300 | _a v. | ||
| 650 | _aHISTORIA | ||
| 650 | _aPOLITICA CULTURAL | ||
| 651 | _aESPAÑA | ||
| 690 | _aIDEOLOGIAS POLITICAS | ||
| 942 | _cLIB | ||
| 999 |
_c65168 _d134637 |
||